00362nam a22001337a 450000500170000000800410001704100120005808200120007010000120008224500310009426000470012530000300017265000260020220240801063009.0240801b |||||||| |||| 00| 0 eng d aEnglish a349 SOU lEnglish aSouth African Law Reports  aCape Town: bJuta and Company Ltd, c1939  bxvi, 510 pages; c25 cm.  aLegal practice bLaw